Countries with Overseas Territories - Statistics

General Stats
  • This quiz has been taken 592 times
    590 since last reset
  • The average score is 8 of 10
Answer Stats
Hint Answer % Correct
8 France
100%
17 United Kingdom
99%
14 United States
99%
7 Australia
88%
3 Netherlands
88%
2 Denmark
85%
2 China
82%
4 New Zealand
82%
4 Norway
76%
1 Finland
46%
No matching quizzes found
Score Distribution
Percent of People with Each Score
Percentile by Number Answered
Your Score History
You have not taken this quiz since the last reset